000
00256nam a22001217a 4500
041
_a
ENG
100
_a
Chudekar .U.K
245
_a
Progress Report to litter Master
260
_a
Delhi
_b
Chuolustri
_c
2001
300
_a
43
650
_a
GAE
856
_u
GAE
999
_c
2641
_d
2641